000 00717nam a2200229Ia 4500
003 OSt
005 20251011104608.0
008 210716s2001 xx 000 0 und d
020 _a8181280520
040 _cAIMIT LIBRARY
041 _aeng
082 _a005.756
_bWHIM
100 _aWhitehorn, Mark.
_9241698
245 _aInside relational databases /
_cBy Mark Whitehorn and Bill Marklyn.
250 _a1st ed.
260 _aNew Delhi :
_bSpringer,
_c2001.
300 _axii,345 p.;
_bPB
_c25 cm.
650 _aSerious problems with single user database
_9241699
650 _aRelatuionships in the real world
_9241700
650 _aMore complex database design
_9241701
942 _2ddc
_cBK
_e2nd
_k005.756 WHIM
999 _c188559
_d188559